Clickable Cat Jokes Quiz Stats

Quiz Updated May 31, 2015

Challenge
Share
Tweet
Embed
Score 0/20 Timer 07:00
8 Plays Today
% Correct
A Cat-illac.
95.3%
The Hiss-tory Channel.
94.7%
Do-re-me-ow!
94.3%
A cat-a-comb.
94%
A cat-has-trophy!
93%
A purr-amid.
92.8%
Because retail prices were too high.
92.5%
A frog; it croaks every night.
92.2%
It has a hissy fit.
91.4%
They hiss and make up.
91.2%
% Correct
They always commit purr-jury.
91%
Too many cheetahs.
90.8%
He waited by the mouse hole with bait-ed breath.
90.6%
Because he’s always spotted.
90.2%
One has claws at the end of its paws and the other is a pause at the end of a clause.
89.5%
She had a litter of mittens.
89.3%
Sandy claws.
88.7%
Tabby, or not tabby?
87.6%
Shredded tweet.
85.9%
For kitty littering.
76.9%

You're not logged in!

Compare scores with friends on all Sporcle quizzes.
Join for Free
OR
Log In

You Might Also Like...

Show Comments

Extras

Top Quizzes Today


Score Distribution

Your Account Isn't Verified!

In order to create a playlist on Sporcle, you need to verify the email address you used during registration. Go to your Sporcle Settings to finish the process.

Report this User

Report this user for behavior that violates our Community Guidelines.

Details: